Geography Quiz

Random Geography or State Quiz

Counties without Yuengling Quiz Stats

 Plays Quiz not verified by Sporcle

Challenge
Share
Tweet
Embed
Score 0/24 Timer 05:00
0 Plays Today
State County % Correct
CaliforniaLos Angeles
100%
CaliforniaSan Diego
81.3%
IllinoisCook
75%
TexasHarris
62.5%
TexasDallas
62.5%
CaliforniaRiverside
62.5%
WashingtonKing
62.5%
ArizonaMaricopa
56.3%
CaliforniaOrange
56.3%
MichiganWayne
56.3%
NevadaClark
50%
CaliforniaAlameda
50%
State County % Correct
CaliforniaSan Bernardino
37.5%
MassachusettsMiddlesex
37.5%
MichiganOakland
37.5%
TexasTarrant
25%
CaliforniaSanta Clara
25%
CaliforniaSacramento
25%
MinnesotaHennepin
25%
UtahSalt Lake
25%
TexasBexar
18.8%
ArizonaPima
18.8%
TexasTravis
12.5%
CaliforniaContra Costa
6.3%

You're not logged in!

Compare scores with friends on all Sporcle quizzes.
OR
Log In

You Might Also Like...

Show Comments

Extras

Created Feb 25, 2011ReportNominate
Tags:State Quiz, counties

Top Quizzes Today


Score Distribution

Your Account Isn't Verified!

In order to create a playlist on Sporcle, you need to verify the email address you used during registration. Go to your Sporcle Settings to finish the process.

Report this User

Report this user for behavior that violates our Community Guidelines.

Details: